000 00595nam a2200181Ia 4500
008 100917s9999 xx 000 0 und d
082 _b58190
100 _aदेवगिरीकर त्र्यंबक रघुनाथ
245 _aभारत चीन संघर्ष
260 _bचित्रशाळा प्रकाशन
_c1963
300 _a108
365 _b3
520 _aइतिहास
630 _aभारत चीन संघर्ष
650 _aइतिहास
730 _aभारत चीन संघर्ष
942 _cBOOK
999 _c663584
_d663581